1015 1018 1978 1393 1620 1218 1232 1139 1804 1419 1475 1362 1111 1699 1241 1169 1353 1918 1594 1250 1116 1590 1379 1150 1676 1429 1619 1535 1320 1167 1875 1819 1525 1558 1046 1333 1277 1512 1652 1841 1231 1479 1059 1581 1248 1942 1085 1350 1496 1730 1717 1706 1987 1650 1880 1967 1759 1961 1459 1198 1289 1830 1900 1986 1087 1939 1779 1797 1861 1404 1938 1851 1816 1515 1352 1983 1853 1016 1992 1147 1718 1882 1730 1262 1125 1330 1037 1760 1992 1128 1988 1986 1923 1592 1004 1992 1826 1219 1552 BCNSPRNW ULIB Ver.6.0+V

เปลี่ยนเป็นภาษาไทย

Change to English
 แสดงรายละเอียดบรรณานุกรม
  กลับหน้าหลัก

Brief Record : Get Marc (ISO 2709) : E-mail record : QR code < ปิดหน้าต่าง
LEADER : 00000nam 2200000uu 4500
001    13399110988
003     ULIB
008    110614s||||||||th 000 0 tha d
020    9748212491(ล.7)
050  4 AC159^bส631น ล.7 2543
245 00 108 ซองคำถาม.^nเล่ม 7 /^cประวิทย์ สุวณิชย์, บรรณาธิการ
250    พิมพ์ครั้งที่ 3
260    กรุงเทพฯ :^bสารคดี,^c2543
300    229 หน้า :^bภาพประกอบ
650  4 ความรู้ทั่วไป
650  4 รวมเรื่อง
650  4 คำถามและคำตอบ
700 0  ประวิทย์ สุวณิชย์
945    ^p95^l0^i015945
995    ทศพร
999 ^a ใช้งานได้ทุกระบบ
รายการนี้ยังไม่มีแท็ก
คุณยังไม่ได้ล็อกอิน คุณสามารถมีกิจกรรมร่วมกับเว็บไซต์ได้ แต่ต้องล็อกอินก่อน ::
  ล็อกอิน

รายการสื่อสารสนเทศ

ลำดับที่ ประเภท เลขเรียก/บาร์โค้ด สถานที่ สถานะ
- ไม่พบข้อมูล -

รายการใกล้เคียง
    หัวเรื่อง [ความรู้ทั่วไป]
    หัวเรื่อง [รวมเรื่อง]
    หัวเรื่อง [คำถามและคำตอบ]

BibComment


ยังไม่เคยถูกคอมเมนท์

คอมเมนท์ทรัพยากรรายการนี้
  คอมเมนท์: 108 ซองคำถาม เล่ม..


 Copyright 2026. Bcnsprnw @Library